| 000 | 00835nam a22001817a 4500 | ||
|---|---|---|---|
| 008 | 090719t xxu||||| |||| 00| 0 ara d | ||
| 020 | _a9789953821559 | ||
| 082 |
_221 _a391.2 _bج و ه |
||
| 100 | 1 |
_98067 _aالجوهرى ، عايدة |
|
| 245 | 1 | 0 |
_aرمزية الحجاب: _bمفاهيم ودلالات/ _cعايدة الجوهرى |
| 260 |
_aبيروت: _bمركز دراسات الوحدة العربية، _c2007 |
||
| 300 |
_a326ص؛ _c24 سم |
||
| 500 | _aيشتمل على كشافات | ||
| 504 | _aيشتمل على ارجاعات ببليوجرافية (ص303 -313 | ||
| 650 |
_98068 _aالحجاب |
||
| 942 |
_2ddc _cBB |
||
| 999 |
_c12368 _d12368 |
||